[Event "Qingdao Daily Cup"]
[Site "Qingdao"]
[Date "1999.10.18"]
[Round "1"]
[White "Isaev, Jamshed"]
[Black "Bu, Xiangzhi"]
[Result "1-0"]
[WhiteElo "2411"]
[BlackElo "2465"]
[Annotator "Ftacnik,L"]
[PlyCount "83"]
[EventDate "1999.10.18"]
[EventType "tourn"]
[EventRounds "9"]
[EventCountry "CHN"]
[EventCategory "10"]
[SourceTitle "CBM 074"]
[Source "ChessBase"]
[SourceDate "2000.02.01"]
[SourceVersion "1"]
[SourceVersionDate "2000.02.01"]
[SourceQuality "1"]

1. e4 c5 2. Nf3 Nc6 3. d4 cxd4 4. Nxd4 Nf6 5. Nc3 d6 6. Bc4 e6 7. Be3 a6 8. Qe2
Be7 9. O-O-O Qc7 10. Bb3 O-O 11. g4 Nxd4 12. Rxd4 e5 13. Rc4 Qd8 14. g5 Nd7 (
14... Ne8 15. Rxc8 $1 Rxc8 (15... Qxc8 16. Nd5 Bd8 17. h4 {/\ g6, h5->}) 16. h4
Rxc3 (16... Qa5 17. Nd5 Bd8 18. Qg4 $16) 17. bxc3 g6 18. h5 Ng7 19. hxg6 hxg6
20. Rh6 $1 Bxg5 21. Rxg6 Bxe3+ 22. fxe3 $18 {Segueiro-Paz de la Torre/corr/
1994/ (22)}) 15. Qh5 {White has a promising attacking position due to the
weakness of d5 square and the whole a2-g8 diagonal. Unfortunatelly his rook on
c4 is seriously misplaced.} (15. Nd5 Nc5 (15... Bxg5 16. Rg1 Bxe3+ 17. Qxe3 Kh8
18. Qg3 g6 19. Rc7 Nc5 20. Re7 Be6 21. Nf6 Rg8 22. Qh4 Rg7 23. Re8+ Qxe8 24.
Nxe8 Rxe8 25. Bxe6 fxe6 26. Rd1 {1-0 Shilov,S-Staniszewski,P/Warsaw/1997/ (53)}
) 16. h4 b5 17. Rc3 Be6 18. Rd1 Nxb3+ (18... Nxe4 19. Rc6 Qe8 20. Bb6 Nc5 21.
Bxc5 dxc5 22. Nxe7+ Qxe7 23. Bxe6 fxe6 24. Qxe5 Qf7 25. Rc7 Qf4+ 26. Qxf4 Rxf4
27. Rdd7 {1-0 Berdichersky,W-Miersch,M/GER/1998/ (57)}) 19. axb3 Bxd5 20. Rxd5
Qa5 21. Kb1 Rfc8 22. Rxc8+ Rxc8 23. f4 Qc7 24. h5 {1-0 Martinovic,S-Stanev,V/
Ybbs/1968/ (38)}) (15. h4 b5 16. Rxc8 Rxc8 17. Nd5 Nc5 18. Qg4 Kh8 19. h5 a5
20. c3 a4 21. Bc2 a3 22. b4 Ne6 23. Rg1 Rc6 24. Bd3 Nc7 25. Kd2 Nxd5 26. exd5
Rc8 27. Bf5 {1-0 Moe,M-Paoli,E/Siegen/1970/ (41)}) (15. Rg1 b5 16. Rxc8 Rxc8
17. Qh5 Nc5 18. Bd5 (18. Rg3 Nxb3+ 19. axb3 g6 20. Qh6 f6 21. Nd5 fxg5 22. h4
$5 Rf7 (22... gxh4 23. Rxg6+) 23. hxg5 Qa5 24. c3 Qa1+ 25. Kc2 Qf1 26. Qh3 Qxh3
27. Rxh3 Rcf8 28. Kd3 Bd8 29. Ke2 {1-0 De Firmian,N-Tanenbaum,P/Palo Alto/1981/
(59)}) 18... Ne6 (18... g6 19. Qh6 Kh8 20. Rg4 Rg8 21. Bxf7 Rg7 22. Bd5 b4 23.
Ne2 Qc7 24. Kb1 a5 25. f4 Qd7 26. Rh4 a4 27. Nd4 {1-0 Kaiszauri,K-Fredriksson,
L/SWE-ch/1974/ (48)}) 19. g6 hxg6 20. Rxg6 Nf4 21. Bxf4 exf4 22. Rh6 gxh6 23.
Qg6+ Kh8 24. Qxh6+ {1/2-1/2 Kuczynski,R-Staniszewski,P/Lubniewice/ 1995/ (24)})
15... Nc5 $6 (15... b5 $5 16. Rxc8 Rxc8 17. g6 $1 hxg6 18. Qxg6 Nc5 (18... b4
$2 19. Rg1 Bf6 20. Bh6 Nc5 21. Bd5 Nd3+ 22. cxd3 bxc3 23. b4 $18) 19. Bd5 Bh4
20. Rg1 Qf6 $17) 16. Rxc5 $1 dxc5 17. Rd1 Qe8 (17... Qa5 18. g6 $1 hxg6 19.
Qxg6 c4 (19... Be6 20. Bxe6 fxe6 21. Qxe6+ Rf7 22. Rd7 Re8 23. Rxb7 $18) 20.
Bxc4 Bf6 21. Rg1 Qd8 22. Bh6 b5 23. Bxg7 bxc4 24. Qh6 $18) (17... Bd7 18. g6
hxg6 19. Qxg6 Rc8 20. Bh6 Bf6 21. Bd5 Rc6 22. Rg1 Be6 23. Qg3 (23. Bxe6 Rxe6
24. Qg4 g6 25. Rd1 Rd6 26. Rxd6 Qxd6 27. Bxf8 Qxf8 $13) 23... Kh7 24. Bxc6 bxc6
25. Be3 $16) 18. Nd5 a5 (18... Be6 19. Nf6+ gxf6 (19... Bxf6 20. gxf6 Bxb3 21.
Qg5 g6 22. Qh6 $18) 20. gxf6 Bxf6 21. Qh6 Qe7 22. Rg1+ Kh8 23. Bxc5 $1 Rg8 24.
Rxg8+ Rxg8 25. Bxe7 Bxe7 26. h4 $18) (18... Bd8 19. Nf6+ $1 gxf6 20. g6 $18)
19. Ba4 $1 {The tactics works splendidly for white, black gives up material in
order to avoid mate.} Qd8 (19... Qxa4 20. Nxe7+ Kh8 21. g6 fxg6 22. Nxg6+ Kg8
23. Nxf8 $19) (19... b5 20. Bxb5 $18) 20. Nf6+ Bxf6 21. Rxd8 Bxd8 22. Bxc5 Be6
23. Bxf8 Kxf8 24. g6 (24. Qxh7 Bxg5+ 25. Kb1 Rd8 $18) 24... hxg6 (24... fxg6
25. Qxe5 Bf7 26. a3 $18) 25. Qh8+ Ke7 26. Qe8+ Kf6 27. Bb3 {Black has only
rook and bishop for the active queen, his chances are negligable.} g5 (27...
Bxb3 28. axb3 Rb8 29. Qb5 $18) 28. Bd5 Rb8 (28... Bxd5 29. exd5 Rb8 30. Qf8 Bc7
31. Qc5 $18) 29. Bxe6 fxe6 30. Qf8+ Kg6 31. Qd6 $1 Ra8 32. Qxe6+ Bf6 33. Qf5+
Kh6 (33... Kf7 34. Qd7+ Kg6 35. Qxb7 $18) 34. Qd7 Rd8 35. Qxb7 g4 36. c4 Rd4
37. b3 Rd3 (37... Bg5+ 38. Kc2 Rd2+ 39. Kc3 Rxa2 40. c5 Rxf2 41. c6 $18) 38.
Qb6 Rc3+ 39. Kd1 Rd3+ 40. Ke2 Rh3 41. c5 Rxh2 42. c6 (42. c6 g3 43. Qe3+ Bg5
44. Qxg3 $18) 1-0

[Event "NED-ch59"]
[Site "Leeuwarden"]
[Date "2004.07.05"]
[Round "5"]
[White "Stellwagen, Daniel"]
[Black "Van der Wiel, John"]
[Result "1/2-1/2"]
[WhiteElo "2503"]
[BlackElo "2526"]
[Annotator "Ftacnik,L"]
[PlyCount "60"]
[EventDate "2004.06.30"]
[EventType "tourn"]
[EventRounds "9"]
[EventCountry "NED"]
[EventCategory "12"]
[SourceTitle "CBM 102"]
[Source "ChessBase"]
[SourceDate "2004.09.23"]
[SourceVersion "1"]
[SourceVersionDate "2004.09.23"]
[SourceQuality "1"]

1. e4 c5 2. Nf3 d6 3. d4 cxd4 4. Nxd4 Nf6 5. Nc3 Nc6 6. Bc4 e6 7. Be3 Be7 8.
Qe2 a6 9. O-O-O Qc7 10. Rhg1 Na5 11. Bd3 b5 12. g4 Bb7 13. g5 Nd7 14. Qh5 $6 {
[%mdl 4] The attack with a queen will prove to be not so dangerous, but black
will win time for enhancing his chances on the queenside.} (14. f4 b4 15. Nb1
Nc5 16. Nd2 d5 17. exd5 (17. e5 Nxd3+ 18. Qxd3 g6 19. h4 Nc4 20. h5 (20. b3
Nxe3 21. Qxe3 Rc8 22. Nb1 Bc5 23. Rg2 Qb6 24. h5 Rc7 {0-1 Rodriguez,A-Valerga,
D/Buenos Aires 1993/ (40)}) 20... Nxe3 21. Qxe3 O-O-O 22. Rh1 Kb8 23. Rh3 Rc8
24. Rdh1 Rhf8 25. hxg6 hxg6 {1/2-1/2 Sveshnikov,E-Dorfman,J/Cheliabinsk 1975/ 
(32)}) 17... Bxd5 18. Kb1 Na4 (18... Rb8 19. f5 b3 20. N2xb3 Nxd3 21. Qxd3 e5
22. Nxa5 Bxa2+ 23. Kxa2 Qxa5+ 24. Kb1 exd4 25. Bxd4 O-O 26. f6 Ba3 {1/2-1/2
Wolf,W-Schoen,W/Porz 1991/ (46)}) 19. N4b3 Nc6 20. Be4 O-O 21. Bxh7+ Kxh7 22.
Qh5+ Kg8 23. Rg4 Rfc8 24. Rh4 f5 25. Nd4 Bc5 26. g6 {1-0 Burkett,M-Boctor,W/
Berkeley 1983/ (38)}) 14... g6 15. Qh6 b4 16. Qg7 (16. Nce2 Ne5 17. Kb1 $13)
16... Rf8 (16... O-O-O 17. Qxf7 bxc3 18. Qxe7 Rde8 19. Qf7 $16) 17. Nce2 Nc5 $1
{An excellent move, Stellwagen suddenly feels the heat on his not quite
sufficient build up in the center.} 18. Kb1 (18. Qxh7 $2 e5 $1 $17) 18... Rc8 (
18... e5 $5 19. Nb3 (19. Nf3 Nxe4 20. Qxh7 Nc3+ 21. bxc3 Bxf3 22. cxb4 e4 $19)
19... Naxb3 20. axb3 Nxd3 21. cxd3 d5 $15) 19. Rc1 (19. Ng3 b3 20. Rc1 (20.
axb3 e5 21. Nde2 Nxd3 22. cxd3 Qc2+ $19) 20... bxa2+ 21. Kxa2 d5 22. e5 Nc6 23.
Nxc6 Qxc6 $15) 19... Bxe4 (19... Nxe4 20. f3 (20. Qxh7 Nc4 21. Bxe4 Bxe4 22.
Qh4 Bb7 $17) 20... Nc5 21. Qxh7 e5 $17) 20. Bxe4 Nxe4 21. Qxh7 Nc4 22. Ka1 (22.
Qh3 e5 23. Nb3 d5 $17) 22... Nxe3 (22... d5 $1 23. Ng3 Nxg3 24. Rxg3 Qe5 $17)
23. fxe3 Nxg5 (23... Bxg5 $2 24. Nxe6 fxe6 25. Qxg6+ Qf7 26. Qxe4 $16) 24. Rxg5
$1 {The only chance to fight back in difficult position for white.} (24. Qh6 e5
$19) 24... Bxg5 25. Nxe6 fxe6 (25... Qe7 26. Nxf8 Qxf8 27. Qh3 $11) 26. Qxg6+
Qf7 (26... Kd7 27. Qxg5 Rf7 $17) 27. Qxg5 Qf5 28. Qg2 Rxc2 $2 {This feels like
a reckless move in a very good position for black, he would nearly be winning
after the better 28...d5.} (28... d5 29. Nd4 Qf6 $17) 29. Qa8+ Ke7 (29... Kf7
30. Qa7+ Kf6 (30... Kg6 $2 31. Rg1+ $18) 31. Qd4+ Kg6 32. Rg1+ Kf7 33. Qxd6 $13
) 30. Qa7+ Ke8 1/2-1/2

[Event "RUS-ch Higher League 60th"]
[Site "Krasnoyarsk"]
[Date "2007.09.04"]
[Round "2"]
[White "Amonatov, Farrukh"]
[Black "Malakhov, Vladimir"]
[Result "1-0"]
[WhiteElo "2598"]
[BlackElo "2676"]
[Annotator "Ftacnik,L"]
[PlyCount "111"]
[EventDate "2007.09.03"]
[EventType "swiss"]
[EventRounds "11"]
[EventCountry "RUS"]
[SourceTitle "CBM 120"]
[Source "ChessBase"]
[SourceDate "2007.10.02"]
[SourceVersion "1"]
[SourceVersionDate "2007.10.02"]
[SourceQuality "1"]

1. e4 c5 2. Nf3 Nc6 3. d4 cxd4 4. Nxd4 Nf6 5. Nc3 d6 6. Bc4 e6 7. Be3 Be7 8.
Qe2 Nxd4 9. Bxd4 a6 10. O-O-O b5 11. Bb3 Bb7 12. f4 O-O {Malakhov understands,
that the greedy grab of the central pawn is extremely risky.} (12... b4 13. Na4
Nxe4 14. Bxg7 $1 (14. Nb6 O-O (14... Rb8 15. Bxg7 Bf6 16. Ba4+ Ke7 17. Bxf6+
Nxf6 18. Nc4 $16) 15. Nxa8 Qxa8 $44) 14... Rg8 15. Bd4 $14) 13. a3 Qb8 (13...
Qc7 14. f5 e5 15. Bf2 a5 16. Nxb5 Qc6 17. Bh4 Qxe4 18. Qxe4 Bxe4 19. Bxf6 Bxf6
20. Bd5 Bxd5 21. Rxd5 $16) (13... Rc8 14. f5 $1 (14. Kb1 $6 Rxc3 15. Bxc3 Nxe4
$44) 14... Qd7 15. e5 dxe5 16. fxe6 fxe6 17. Qxe5 Bd5 18. Nxd5 exd5 19. Rhf1
$16) 14. f5 e5 15. Bf2 Bc6 $6 {Sicilian positions with an active white bishop
on b3 are very dangerous, time plays a crucial role. Black probably had to use
more aggressive counterplay with advance of the a-pawn.} (15... a5 $5 16. Nd5 (
16. Nxb5 Bxe4 17. Bh4 Bxf5 18. Bxf6 Bxf6 19. Rhf1 Bg6 $15) 16... Nxd5 17. Bxd5
b4 18. a4 Qc7 $13) 16. g4 $1 b4 (16... Qb7 17. Rhe1 h6 18. h4 Nd7 19. Qf3 $14)
17. axb4 Qxb4 18. Rhe1 Nd7 19. h4 (19. Qc4 $5 Qxc4 20. Bxc4 Rfb8 21. Nd5 $14)
19... Nc5 (19... Rab8 20. g5 (20. Qc4 Qxc4 21. Bxc4 h6 $14) 20... a5 21. Qd2 a4
22. Nd5 Qxd2+ 23. Rxd2 Bd8 24. Bc4 $14) 20. Bxc5 $1 {White bishop is dying for
a very good cause, since his brother on b3 is central for the success of the
kingside attack.} dxc5 (20... Qxc5 21. g5 Rab8 22. Qh5 Rxb3 23. cxb3 Rc8 24. f6
$16) 21. g5 Bb5 (21... c4 22. Qxc4 Qxc4 23. Bxc4 $16) 22. Qh5 $1 c4 23. Nd5 Qc5
(23... g6 24. Qh6 Rfd8 25. fxg6 hxg6 26. h5 $1 Rxd5 27. hxg6 Rxd1+ 28. Rxd1
Bxg5+ 29. Qxg5 cxb3 30. gxf7+ $18) 24. f6 $1 Bd8 {Malakhov is obliged to play
only moves just to survive white's mounting attack.} (24... gxf6 $2 25. gxf6
$18) (24... cxb3 $2 25. Nxe7+ Kh8 26. fxg7+ Kxg7 27. Qh6+ Kh8 28. Qf6#) 25. Ba2
Re8 (25... a5 26. Ne3 Re8 27. fxg7 $18) 26. fxg7 Re6 (26... Qc6 27. Rf1 Qg6 28.
Qf3 Kxg7 29. Ne3 $16) 27. Rf1 Be8 (27... Ra7 28. Rf6 Qc8 29. Rh6 Rxh6 30. gxh6
$18) 28. g6 $1 Rxg6 (28... fxg6 29. Qh6 Bf7 30. Rxf7 Kxf7 31. Qxh7 $18) 29.
Qxe5 Qc6 30. Bxc4 $1 {[%mdl 128] The fall of the important black pawn c4 was
indirectly indicating the speedy decision in this attacking position.} Bxh4 (
30... Qxc4 31. Qxe8+ Kxg7 32. Rxf7+ Kh6 33. Qf8+ $18) (30... Rc8 31. Ne7+ Bxe7
32. Qxe7 Kxg7 33. Qe5+ Kf8 34. b3 $18) 31. Ne7+ Bxe7 32. Qxe7 Rxg7 33. Rg1 $2 {
Amonatov misses a golden opportunity to play a brilliant combination deciding
the fight on the spot.} (33. Rxf7 $1 Rxf7 (33... Bxf7 34. Rd8+ $18) 34. Rg1+
Qg6 (34... Kh8 35. Qe5+ Qf6 36. Qxf6+ Rxf6 37. Rg8#) 35. Rxg6+ hxg6 36. Qb7 Rd8
37. Qb6 $18) 33... Qb6 34. Rxg7+ Kxg7 35. Kb1 (35. Rf1 Rb8 36. b3 $18) 35...
Rc8 36. Qe5+ Kf8 (36... f6 37. Qe7+ Kg6 38. e5 $18) (36... Kg8 37. b3 Qc5 38.
Qf6 $18) 37. Bb3 {White enjoys safe position of his king and excellent chances
to pester his black counterpart.} Qg6 38. Qh8+ (38. Rd3 Qg1+ 39. Ka2 Qb6 40.
Qh8+ Ke7 41. Rd5 $18) 38... Ke7 39. Qd4 a5 (39... Qc6 40. Qe5+ Kf8 41. Rd6 Qc5
42. Qh8+ Ke7 43. Rd5 $18) 40. e5 Qc6 41. Qh4+ (41. Re1 Qc5 42. Qh4+ Kd7 43. e6+
$18) 41... Kf8 42. e6 $1 {This pawn advance is deciding the game since the
black king will not be able to survive.} fxe6 43. Rf1+ (43. Qh6+ Ke7 44. Qxh7+
Bf7 45. Rf1 $18) 43... Bf7 44. Qxh7 Rc7 45. Qh8+ (45. Rf4 $1 Qd6 (45... Qb6 46.
Qh8+ Ke7 47. Qf6+ Kf8 (47... Ke8 48. Ba4+ Kf8 49. Qh6+ Ke7 50. Qg7 $18) 48.
Bxe6 $18) (45... Qc5 46. Qh8+ Ke7 47. Qf6+ Kf8 48. Qxe6 $18) 46. Qh8+ Ke7 47.
Rd4 $18) 45... Ke7 46. Qh4+ (46. Qg7 Ke8 47. Rf4 $18) 46... Kf8 47. Qd8+ Kg7
48. Qf6+ Kf8 49. Ba4 $1 {A witty way of breaking the optiimal defensive set up
of black pieces.} (49. Rf4 Qh1+ 50. Ka2 Re7 51. Rh4 $18) 49... Qg2 (49... Qxa4
50. Qd8+ Qe8 51. Qxc7 $18) 50. Qd8+ Kg7 51. Qd4+ e5 (51... Kf8 52. Qh8+ Ke7 53.
Rd1 $18) 52. Qxe5+ Kh7 53. Re1 Rb7 54. Qf6 Bg6 (54... Rc7 55. Ka1 Qd5 56. Qh4+
Qh5 57. Qxh5+ Bxh5 58. Rh1 Kh6 59. Be8 $18) 55. Bc6 $1 {The bishop remained a
true hero through the whole game!} Qxc2+ 56. Ka1 (56. Ka1 Rg7 57. Qh4+ Kg8 58.
Bd5+ $18) 1-0

[Event "North Sea Cup 18th"]
[Site "Esbjerg"]
[Date "2003.06.04"]
[Round "1"]
[White "Dominguez Perez, Leinier"]
[Black "Hansen, Curt"]
[Result "1/2-1/2"]
[WhiteElo "2603"]
[BlackElo "2610"]
[Annotator "Ftacnik,L"]
[PlyCount "56"]
[EventDate "2003.06.04"]
[EventType "tourn"]
[EventRounds "9"]
[EventCountry "DEN"]
[EventCategory "15"]
[SourceTitle "CBM 096"]
[Source "ChessBase"]
[SourceDate "2003.09.25"]
[SourceVersion "1"]
[SourceVersionDate "2003.09.25"]
[SourceQuality "1"]

1. e4 c5 2. Nf3 d6 3. d4 cxd4 4. Nxd4 Nf6 5. Nc3 Nc6 6. Bc4 e6 7. Be3 Be7 8.
Qe2 a6 9. O-O-O Qc7 10. Bb3 Na5 11. g4 b5 12. g5 Nxb3+ 13. axb3 Nd7 14. Nf5 b4
15. Bd4 $146 {[%mdl 8] It is astonishing, that even in forceful variations
there is so much scope for independent thinking. Dominguez varies on the well
know themes with a different move order.} (15. Nxg7+ Kf8 (15... Kd8 16. Na4 Rg8
17. Nh5 Bxg5 18. Rhg1 Bxe3+ 19. Qxe3 $14) 16. Bd4 (16. Qh5 Kxg7 (16... h6 17.
Rhg1 bxc3 18. g6 cxb2+ 19. Kb1 Bf6 20. Nxe6+ fxe6 21. g7+ Bxg7 22. Rxg7 Nf6 23.
Rxc7 Nxh5 24. Bc5 Ke8 25. Bxd6 {1-0 Bagirov,R-Csolto,R/Rimavska Sobota 1996/ 
(45)}) 17. Bd4+ Kg8 (17... Ne5 18. f4 bxc3 19. Bxc3 (19. fxe5 cxb2+ (19... dxe5
20. Rhf1 Rf8 21. g6 Bg5+ 22. Qxg5 f6 23. Rxf6 cxb2+ 24. Kb1 h6 25. Rf7+ Qxf7
26. Bxe5+ {1-0 Gdanski,J-Schoen,W/Naleczow 1988/ (30)}) 20. Bxb2 d5 21. exd5
Bc5 22. Qh6+ Kg8 23. Rhf1 Bf8 24. Qh4 Bc5 25. Rd3 a5 26. Rdf3 {1-0 Zaichik,
G-Korsunsky,R/Leningrad 1976/ (34)}) 19... Bb7 20. fxe5 dxe5 21. Rd7 Qxd7 22.
Qh6+ Kg8 23. Bxe5 f6 24. gxf6 Bc5 25. Qg7+ Qxg7 26. fxg7 Kf7 27. gxh8=Q Rxh8
28. Bxh8 Bxe4 29. Rf1+ {1-0 Medina Garcia,A-Pomar Salamanca,A/Malaga 1969/ (54)
}) 18. Nd5 (18. Rhg1 Ne5 19. f4 Ng6 20. Bxh8 Kxh8 (20... Nxf4 21. Qf3 bxc3 22.
Qxf4 e5 23. Qe3 Kxh8 24. g6 cxb2+ 25. Kxb2 fxg6 26. Rxg6 Bf8 27. Qf3 Bb7 28.
Rf6 {1-0 Zimmersmann,R-Feher,G/Budapest 1992/ (32)}) 21. Ne2 Bb7 22. Rd4 Rc8
23. Rc4 Qb6 24. f5 Rxc4 25. bxc4 Qe3+ 26. Kb1 Bxe4 27. fxg6 Bxg6 28. Qg4 e5 {
0-1 Wahls,M-Rechlis,G/Bern 1990/ (31)}) 18... exd5 19. g6 fxg6 20. Qxd5+ Kf8
21. Bxh8 Bb7 22. Qd2 Rc8 23. Rhe1 Kg8 24. Bd4 Bg5 25. Be3 Bxe4 26. Bxg5 Qa5 {
0-1 Furhoff,J-Sanden,S/Stockholm 1994/ (30)}) 16... Bxg5+ 17. Kb1 Rg8 (17...
Bf6 18. Bxf6 Nxf6 19. Qf3 Qe7 20. e5 Bb7 21. Qf4 dxe5 22. Qh6 Ng4 23. Nxe6+ Ke8
24. Ng7+ Kf8 25. Qb6 Kxg7 26. Rhg1 h5 {1/2-1/2 Kiik,K-Porrasmaa,T/Gausdal 1994/
(49)}) 18. Na4 e5 19. Nf5 exd4 20. Rhg1 Rg6 21. Qh5 Nf6 22. Qe2 Bxf5 23. exf5
Rg8 24. Rxd4 a5 {0-1 Bammoune,A-Kyriakides,S/Luzern 1982/ (36)}) 15... bxc3 (
15... Bxg5+ 16. Kb1 Bf6 17. Bxf6 Nxf6 18. Nxd6+ Ke7 19. e5 bxc3 20. exf6+ gxf6
21. Qh5 Rf8 22. Rhe1 {1-0 Prie,E-Muir,A/Novi Sad 1990/ (28)}) 16. Nxg7+ Kd8 (
16... Kf8 17. Nxe6+ fxe6 18. Bxh8 Bxg5+ 19. Kb1 cxb2 20. Rhg1 $40) 17. Nxe6+
fxe6 18. Bxh8 e5 (18... Bxg5+ $2 19. Kb1 e5 20. Rhg1 h6 21. h4 $18) 19. Rhg1 (
19. h4 Bb7 20. Rh3 cxb2+ 21. Kxb2 a5 $13) 19... Bb7 20. Bf6 $6 {This move is
hard to explain as white is giving up vital pawn for free, only black can
aspire for advantage with his bishops pair.} (20. g6 hxg6 21. Rxg6 Qc6 22. f3
Kc7 (22... cxb2+ 23. Kxb2 Ke8 24. Rg8+ Nf8 25. Qg2 $16) 23. Bg7 cxb2+ 24. Kxb2
Rc8 $11) 20... Nxf6 (20... Bxf6 21. gxf6 Nxf6 22. f3 (22. bxc3 Qxc3 23. Qd3
Qxd3 24. cxd3 Bc6 $17) 22... cxb2+ 23. Kxb2 Ke8 24. Qg2 $13) 21. gxf6 Bxf6 22.
Rg8+ Ke7 23. Rdg1 Rxg8 (23... cxb2+ 24. Kxb2 Qc6 25. Qh5 $1 Qxe4 (25... Rxg8
26. Rxg8 Qd7 27. Qxh7+ $14) 26. R1g7+ Bxg7 27. Rxg7+ $18) 24. Rxg8 Qa5 $6 {
Both players had their ghosts to avoid in this game so the draw will now
become imminent.} (24... cxb2+ 25. Kxb2 Qd7 $17) 25. bxc3 Qxc3 26. Qh5 Qa1+ 27.
Kd2 Qd4+ 28. Kc1 Qa1+ (28... Bc6 29. Qxh7+ Ke6 30. Qf5+ Ke7 31. Qh7+ $11)
1/2-1/2

[Event "MK Cafe Cup-A"]
[Site "Koszalin"]
[Date "1999.08.10"]
[Round "7"]
[White "Pinski, Jan"]
[Black "Pedzich, Dominik"]
[Result "0-1"]
[WhiteElo "2444"]
[BlackElo "2428"]
[Annotator "Ftacnik,L"]
[PlyCount "50"]
[EventDate "1999.08.03"]
[EventType "swiss"]
[EventRounds "9"]
[EventCountry "POL"]
[SourceTitle "CBM 073"]
[Source "ChessBase"]
[SourceDate "1999.12.01"]
[SourceVersion "1"]
[SourceVersionDate "1999.12.01"]
[SourceQuality "1"]

1. e4 c5 2. Nf3 e6 3. d4 cxd4 4. Nxd4 Nf6 5. Nc3 d6 6. Be3 Nc6 7. Bc4 Be7 8.
Qe2 a6 9. O-O-O Qc7 10. Bb3 O-O 11. Rhg1 Nd7 12. g4 Nc5 13. g5 Bd7 14. f4 b5
15. Qh5 (15. f5 b4 16. g6 (16. f6 bxc3 17. fxe7 (17. Nxc6 Bxc6 18. fxe7 cxb2+
19. Kxb2 Qxe7 20. e5 dxe5 21. Qc4 Nxb3 22. axb3 Rfc8 {0-1 Rocha,W-Leitao,R/Sao
Paulo/1998/ (27)}) 17... cxb2+ 18. Kxb2 Nxe7 19. Qh5 Nxe4 20. Rd3 g6 21. Qh6 e5
22. Rf1 d5 {0-1 Ermenkov,E-Mednis,E/Palma de Mallorca 1989/ (33)}) (16. Nxc6
Nxb3+ 17. axb3 Bxc6 18. Na4 Bxe4 19. f6 Bd8 20. Rd4 d5 21. Rxb4 Qc6 22. Nc3 Ba5
23. Nxe4 Bxb4 24. fxg7 dxe4 25. gxf8=Q+ Bxf8 {1/2-1/2 Lutz,S-Molnar,B/Erkelmem/
1992/ (33)}) (16. Nd5 Nxb3+ 17. axb3 exd5 18. f6 Nxd4 19. Bxd4 Bd8 20. Qh5 Rc8
21. Rg2 Re8 22. Rf1 Bb5 {0-1 Hernandez,G-Solomons,D/Manila/1992/ (31)}) (16.
Bxe6 Bxe6 17. g6 bxc3 18. gxh7+ Kh8 19. Rxg7 cxb2+ 20. Kxb2 Bf6 21. Rdg1 Bxg7
22. Rxg7 Nxd4 23. Rg8+ Rxg8 24. Bxd4+ f6 {0-1 Frolov,A-Krakops,M/Berlin/1994/ 
(30)}) 16... Nxb3+ 17. axb3 fxg6 18. fxg6 bxc3 19. Qh5 hxg6 20. Rxg6 Rf7 21.
Rh6 gxh6 22. Rg1+ Bg5 23. Bxg5 Rg7 24. Be3 Be8 25. Qxh6 Nxd4 {0-1 Benjamin,
J-Liberzon,V/Lone Pine/1980/ (25)}) 15... g6 {Black's position is very solid
and he can already claim strong counterplay on the queenside.} (15... Rfc8 16.
Kb1 Nxb3 17. cxb3 b4 18. Nce2 Nxd4 19. Nxd4 e5 20. fxe5 dxe5 21. Rgf1 g6 22.
Qf3 Be8 23. Ne2 a5 24. Rc1 Qb7 {1/2-1/2 Schneider,L-Eriksson,M/Borlange/1992/ 
(55)}) 16. Qh6 (16. Qh4 b4 17. Nce2 Nxe4 $17) 16... Rfc8 (16... b4 17. Na4 (17.
f5 Rfc8 18. Bxe6 Bxe6 19. Nxe6 fxe6 20. fxg6 Bf8 $15) 17... Nxb3+ (17... Na5 $2
18. Nxc5 dxc5 19. Rg4 $1 Nxb3+ 20. Nxb3 $16) 18. Nxb3 Rab8 19. Rg3 f5 20. gxf6
Bxf6 $15) 17. Rg3 Bf8 18. Qh4 b4 19. Nf5 (19. Rh3 h5 20. gxh6 Be7 $1 (20...
bxc3 21. Qf6 Kh7 22. Qxf7+ $11) 21. h7+ Kh8 22. Qe1 $19) (19. Nce2 Nxd4 20.
Nxd4 Nxb3+ 21. axb3 e5 $19) 19... Nxb3+ (19... gxf5 $6 20. Rh3 h6 21. gxh6 bxc3
22. Qf6 $40) (19... exf5 $2 20. Nd5 Qd8 21. Nf6+ $18) 20. axb3 (20. cxb3 bxc3
21. Rh3 h5 22. gxh6 cxb2+ 23. Kxb2 Qd8 $17) 20... bxc3 21. Nh6+ $2 {[%mdl 256]
Sharp move that burns all the bridges, the player getting first to the king
will win.} (21. Rh3 $1 h5 22. gxh6 cxb2+ (22... Kh7 23. Qf6 cxb2+ (23... Be8 $2
24. Qg7+ $1 Bxg7 25. hxg7+ Kg8 26. Rh8#) 24. Kxb2 exf5 25. Qxf7+ Kh8 26. Qf6+
Kh7 $11) 23. Kxb2 Qd8 (23... exf5 24. Qf6 $1 Kh7 25. Qxf7+ $11) (23... Kh7 24.
Qf6) 24. Nxd6 Qxh4 25. Rxh4 Bxd6 26. Rxd6 Rc7 $15) 21... Bxh6 22. Qxh6 (22.
gxh6 Nb4 23. Qf6 cxb2+ 24. Qxb2 (24. Kd2 Qxc2+ 25. Ke1 Qxd1+ 26. Kxd1 b1=Q+ 27.
Ke2 Bb5+ $19) 24... Qxc2+ $19) 22... Nb4 23. Bd4 (23. Rg2 cxb2+ 24. Kxb2 (24.
Kb1 Qa5 $19) 24... Qc3+ 25. Kb1 Nxc2 $19) 23... cxb2+ 24. Kd2 (24. Kxb2 Qxc2+
25. Ka3 Qa2+ 26. Kxb4 a5#) 24... Qxc2+ 25. Ke1 Qxd1+ $1 (25... Qxd1+ $1 26.
Kxd1 b1=Q+ $19) 0-1

[Event "Pardubice op-A"]
[Site "Pardubice"]
[Date "2005.07.29"]
[Round "8"]
[White "Ninov, Nikolai"]
[Black "Kovalev, Andrei"]
[Result "0-1"]
[WhiteElo "2493"]
[BlackElo "2548"]
[Annotator "Gutman,L"]
[PlyCount "98"]
[EventDate "2005.07.22"]
[EventType "swiss"]
[EventRounds "9"]
[EventCountry "CZE"]
[SourceTitle "CBM 107 Extra"]
[Source "ChessBase"]
[SourceDate "2005.09.01"]
[SourceVersion "1"]
[SourceVersionDate "2005.09.01"]
[SourceQuality "1"]

1. e4 c5 2. Nf3 Nc6 3. d4 cxd4 4. Nxd4 Nf6 5. Nc3 d6 6. Bc4 e6 7. Be3 a6 8. f4
$2 (8. Bb3 $5) (8. Qe2 $5) 8... d5 9. exd5 exd5 10. Be2 Bb4 11. O-O O-O 12. Kh1
(12. Bf3 Re8 13. Nxc6 bxc6 14. Bd4 {Dobias-Lanc, Tatry 2001} Bf5 $5 15. g4 Be4
16. g5 Bxc3 17. Bxc3 Bxf3 18. Qxf3 Ne4) 12... Re8 13. Qd3 (13. Bg1 Bxc3 14.
bxc3 Ne4 $17 {1/2 Mitkov-Kacheischwili, USA 1002}) 13... Bxc3 14. Nxc6 bxc6 15.
bxc3 Qe7 16. Rf3 Bg4 17. Rg3 Bxe2 (17... Ne4 $1 18. Rxg4 f5 19. Rxg7+ Qxg7 20.
Bd4 Qh6 {mit entscheidendem Vorteil.}) 18. Qxe2 Ne4 19. Rh3 Nxc3 (19... Qf6 $5
20. Qh5 h6 21. Bd4 Qxf4 22. Rf3 Qc7 23. Raf1 f6 {kommt in Betracht.}) 20. Qh5
h6 21. f5 Qf6 22. Rf1 d4 23. Bf2 Qe5 $2 (23... c5 $5 24. Bh4 Qe5 {ist stärker.}
) 24. f6 Ne4 25. Qxe5 Nxf2+ 26. Rxf2 Rxe5 27. g4 c5 $6 (27... Rb8 $1 28. fxg7
Rb2 29. Kg2 Rc5 {mit gewonnenem Endspiel für Schwarz.}) 28. fxg7 Kxg7 29. Rhf3
Ra7 30. c3 Rd7 31. cxd4 cxd4 32. Rd2 Re4 33. h3 Kf8 34. Rf6 (34. Kg2 Ke7 35.
Rfd3 f5 36. Kf3 Kf6 37. Ra3 $15) 34... Re6 35. Rf4 $2 (35. Rf3 Ke7 36. Kg2 $15)
35... d3 $19 36. Rf3 Re2 37. Rdxd3 Rxd3 38. Rxd3 Rxa2 39. Rd6 Kg7 40. Kg1 a5
41. Rd5 a4 42. Ra5 Kf6 43. h4 a3 44. Rf5+ Ke6 45. Rf3 Ke5 46. g5 h5 47. Kf1 Ke4
48. Rb3 Kf4 49. Rb7 Rb2 0-1